000 00352nab a22001097u 4500
008 130520b1977 xxu||||| |||| 00| 0 spa d
041 _aspa
100 1 _aCunningham, Francis A.
_950336
245 0 0 _aLa compositio in re de Santo Tomás
_cFrancis A. Cunningham
773 0 _tPensamiento
_gV.33, nº130,1977,págs. 123-154
_x0031-4749
_wRev321
942 _cAR
999 _c388735
_d388735